Simulation of mid infrared supercontinuum generation in silicon germanium photonic waveguide for gas absorption spectroscopy / (Record no. 172780)

MARC details
000 -LEADER
fixed length control field 01247nam a22002777a 4500
003 - CONTROL NUMBER IDENTIFIER
control field OSt
005 - DATE AND TIME OF LATEST TRANSACTION
control field 20260424100809.0
008 - FIXED-LENGTH DATA ELEMENTS--GENERAL INFORMATION
fixed length control field 260424b |||||||| |||| 00| 0 eng d
040 ## - CATALOGING SOURCE
Original cataloging agency NUST
Language of cataloging eng
Transcribing agency NUST
Modifying agency NUST
Description conventions rda
050 ## - LIBRARY OF CONGRESS CALL NUMBER
Classification number QC467 MUN
100 ## - MAIN ENTRY--PERSONAL NAME
Personal name Munsaka, Proficiency
Relator term author
245 ## - TITLE STATEMENT
Title Simulation of mid infrared supercontinuum generation in silicon germanium photonic waveguide for gas absorption spectroscopy /
Statement of responsibility Proficiency Munsaka.
260 ## - PUBLICATION, DISTRIBUTION, ETC.
Place of publication, distribution, etc. Bulawayo, Zimbabwe :
Name of publisher, distributor, etc. National University of Science and Technology.
Date of publication, distribution, etc. ©2023.
300 ## - PHYSICAL DESCRIPTION
Extent xv, 165 pages :
Other physical details illustrations ;
Dimensions 30 cm.
336 ## - CONTENT TYPE
Source rdacontent
Content type term text
Content type code txt
337 ## - MEDIA TYPE
Source rdamedia
Media type term unmediated
Media type code n
338 ## - CARRIER TYPE
Source rdacarrier
Carrier type term volume
Carrier type code nc
500 ## -
Typescript A thesis submitted in fulfilment of the requirements for the degree of Master of Philosophy in lasers and applied optics.
501 ## -
-- Theses (MSc in Lasers and applied optics) National University of Science and Technology, 2023.
504 ## - BIBLIOGRAPHY, ETC. NOTE
Bibliography, etc. note Includes bibliographical references.
650 ## - SUBJECT ADDED ENTRY--TOPICAL TERM
Topical term or geographic name entry element Supercontinuum generation.
650 ## - SUBJECT ADDED ENTRY--TOPICAL TERM
Topical term or geographic name entry element Silicon germanium photonic waveguides.
650 ## - SUBJECT ADDED ENTRY--TOPICAL TERM
Topical term or geographic name entry element Infrared optics.
700 ## - ADDED ENTRY--PERSONAL NAME
Personal name Dr. Baricholo Peter
Relator term supervisor
942 ## - ADDED ENTRY ELEMENTS (KOHA)
Source of classification or shelving scheme Library of Congress Classification
Koha item type Reference Material
Classification part QC467 MUN
Call number prefix QC
Call number suffix MUN
Suppress in OPAC No
999 ## -
-- 172780
-- 172780
Holdings
Withdrawn status Lost status Source of classification or shelving scheme Damaged status Not for loan Collection Home library Current library Shelving location Date acquired Total Checkouts Full call number Barcode Date last seen Accession number Price effective from Koha item type
    LCC     NFIC MAIN MAIN REFERENCE 04/24/2026   QC467 MUN 92004056587 04/24/2026 Sc24/296 04/24/2026 BOOKS